Heath mathematics
Αποθηκεύτηκε σε:
| Κύριος συγγραφέας: | |
|---|---|
| Άλλοι συγγραφείς: | |
| Μορφή: | Βιβλίο |
| Γλώσσα: | English |
| Δημοσίευση: |
Lexington :
D. C. Heath,
1979
|
| Θέματα: | |
| Ετικέτες: |
Προσθήκη ετικέτας
Δεν υπάρχουν, Καταχωρήστε ετικέτα πρώτοι!
|
MARC
| LEADER | 00000nam a2200000 i 4500 | ||
|---|---|---|---|
| 001 | 1/74384 | ||
| 008 | 961205s1979 eng d | ||
| 020 | |a 0-669-01219-X | ||
| 035 | |a 1996 |b 3 |c Δωρεά |l 10031789 | ||
| 040 | |a GR-MY-UA |b gre |e aacr | ||
| 041 | 0 | |a eng | |
| 082 | 0 | |a 372.7044 | |
| 100 | 1 | |a Rucker, Walter E. | |
| 245 | 1 | 0 | |a Heath mathematics / |c Walter E. Rucker ; Clyde A. Dilley |
| 260 | |a Lexington : |b D. C. Heath, |c 1979 | ||
| 300 | |a 288 p. | ||
| 650 | 0 | 0 | |a Arithmetic |x Study and teaching (Elementary) |
| 650 | 0 | 0 | |a Mathematics |x Study and teaching (Elementary) |
| 700 | 1 | |a Dilley, Clyde A. | |
| 852 | |a INST |b RHODES |e 19961205 |h 372.7044 RUC |p 005400006884 |q 005400006884 |t BK |y 0 | ||
| 909 | |a Ρ |b 042987 |c 1996 | ||